000
00264 a2200109 4500
001
58786
082
_a
362.042 PEN
090
_c
36100
_d
36100
100
_a
Pennell Alice M.
245
_a
Pennell of the Afghan Frontier
260
_a
Lahore
_b
Sange-meil Pub
_c
1978
942
_a
NUST-CAE
_k
362.042 PEN
999
_c
293859
_d
293859